[Event "DVM U10 2023"]
[Site "Magdeburg GER"]
[Date "2023.12.28"]
[Round "3"]
[White "Hendler, Maximilian"]
[Black "Hantke, Florian"]
[Result "1/2-1/2"]
[Termination "normal"]
[Board "2.3"]
[WhiteElo "1290"]
[BlackElo "1095"]
[WhiteClock "00:14:23"]
[BlackClock "00:33:04"]
[WhiteTeam "SF Brackel 1930"]
[BlackTeam "TSG Oberschöneweide"]
[PlyCount "48"]
[WhiteFideId "34616500"]
[BlackFideId "34638962"]
[EventCountry "GER"]
[EventRounds "7"]
[EventType "team-swiss"]
[EventDate "2023.12.27"]

1. e4 {[%clk 00:55:06]} {[%emt 00:00:03]} e5 {[%clk 00:54:48]} {[%emt
00:00:23]} 2. Nf3 {[%clk 00:55:04]} {[%emt 00:00:05]} Nc6 {[%clk 00:54:45]}
{[%emt 00:00:09]} 3. Bc4 {[%clk 00:55:05]} {[%emt 00:00:05]} Bc5 {[%clk
00:54:43]} {[%emt 00:00:06]} 4. c3 {[%clk 00:54:55]} {[%emt 00:00:15]} Nf6
{[%clk 00:54:43]} {[%emt 00:00:05]} 5. d4 {[%clk 00:54:50]} {[%emt 00:00:10]}
exd4 {[%clk 00:54:43]} {[%emt 00:00:06]} 6. cxd4 {[%clk 00:54:29]} {[%emt
00:00:26]} Bb4+ {[%clk 00:54:44]} {[%emt 00:00:04]} 7. Bd2 {[%clk 00:54:22]}
{[%emt 00:00:11]} Bxd2+ {[%clk 00:54:44]} {[%emt 00:00:06]} 8. Nbxd2 {[%clk
00:54:19]} {[%emt 00:00:08]} d5 {[%clk 00:54:20]} {[%emt 00:00:29]} 9. exd5
{[%clk 00:54:03]} {[%emt 00:00:20]} Nxd5 {[%clk 00:54:20]} {[%emt 00:00:06]}
10. O-O {[%clk 00:53:44]} {[%emt 00:00:22]} O-O {[%clk 00:54:17]} {[%emt
00:00:09]} 11. Re1 {[%clk 00:52:52]} {[%emt 00:00:57]} Bg4 {[%clk 00:54:13]}
{[%emt 00:00:10]} 12. h3 {[%clk 00:51:11]} {[%emt 00:01:45]} Bh5 {[%clk
00:54:05]} {[%emt 00:00:13]} 13. Qb3 {[%clk 00:44:37]} {[%emt 00:06:40]} Nb6
{[%clk 00:51:17]} {[%emt 00:02:53]} 14. Qc3 {[%clk 00:41:07]} {[%emt 00:03:35]}
Nxc4 {[%emt 00:04:41]} 15. Qxc4 {[%clk 00:40:41]} {[%emt 00:00:28]} Qd7 {[%clk
00:45:17]} {[%emt 00:01:31]} 16. Qb5 {[%clk 00:28:52]} {[%emt 00:11:54]} Bxf3
{[%clk 00:45:16]} {[%emt 00:00:06]} 17. Nxf3 {[%clk 00:28:38]} {[%emt
00:00:19]} Qc8 {[%clk 00:45:16]} {[%emt 00:00:06]} 18. d5 {[%clk 00:27:34]}
{[%emt 00:01:09]} a6 {[%clk 00:45:03]} {[%emt 00:00:18]} 19. Qc5 {[%clk
00:26:23]} {[%emt 00:01:15]} Na7 {[%clk 00:44:10]} {[%emt 00:00:58]} 20. Rac1
{[%clk 00:22:39]} {[%emt 00:03:50]} c6 {[%clk 00:41:57]} {[%emt 00:02:18]} 21.
dxc6 {[%clk 00:20:42]} {[%emt 00:02:01]} Qxc6 {[%clk 00:40:20]} {[%emt
00:01:43]} 22. Qb4 {[%clk 00:18:59]} {[%emt 00:01:46]} Qd5 {[%clk 00:35:30]}
{[%emt 00:04:57]} 23. Rc5 {[%clk 00:17:10]} {[%emt 00:01:53]} Qd6 {[%clk
00:33:04]} {[%emt 00:02:31]} 24. Qc4 {[%clk 00:14:23]} {[%emt 00:02:52]} b5
{[%emt 00:02:21]} 1/2-1/2

[Event "DVM U10 2023"]
[Site "Magdeburg GER"]
[Date "2023.12.28"]
[Round "3"]
[White "Le, Nhat Vinh"]
[Black "Hendler, Felicitas"]
[Result "0-1"]
[Termination "normal"]
[Board "2.4"]
[WhiteElo "973"]
[BlackElo "1408"]
[WhiteClock "00:38:28"]
[BlackClock "00:45:16"]
[WhiteTeam "TSG Oberschöneweide"]
[BlackTeam "SF Brackel 1930"]
[PlyCount "68"]
[BlackFideId "34616519"]
[EventCountry "GER"]
[EventRounds "7"]
[EventType "team-swiss"]
[EventDate "2023.12.27"]

1. e4 {[%clk 00:55:09]} {[%emt 12:31:29]} c5 {[%clk 00:54:59]} {[%emt
00:00:10]} 2. Nf3 {[%clk 00:55:02]} {[%emt 00:00:13]} d6 {[%clk 00:54:52]}
{[%emt 00:00:11]} 3. Nc3 {[%clk 00:54:53]} {[%emt 00:00:15]} Nf6 {[%clk
00:54:45]} {[%emt 00:00:11]} 4. Bc4 {[%clk 00:54:01]} {[%emt 00:00:58]} g6
{[%clk 00:54:28]} {[%emt 00:00:21]} 5. d4 {[%clk 00:52:42]} {[%emt 00:01:25]}
cxd4 {[%clk 00:54:23]} {[%emt 00:00:10]} 6. Nxd4 {[%clk 00:52:34]} {[%emt
00:00:13]} Bg7 {[%clk 00:54:19]} {[%emt 00:00:08]} 7. Be3 {[%clk 00:51:44]}
{[%emt 00:00:56]} O-O {[%clk 00:54:13]} {[%emt 00:00:10]} 8. Qd2 {[%clk
00:50:42]} {[%emt 00:01:08]} Ng4 {[%clk 00:54:04]} {[%emt 00:00:13]} 9. h3
{[%clk 00:49:25]} {[%emt 00:01:23]} Nxe3 {[%clk 00:53:59]} {[%emt 00:00:10]}
10. Qxe3 {[%clk 00:49:24]} {[%emt 00:00:06]} Qb6 {[%clk 00:53:42]} {[%emt
00:00:21]} 11. b3 {[%clk 00:48:19]} {[%emt 00:01:11]} Bxd4 {[%clk 00:53:34]}
{[%emt 00:00:12]} 12. Qf3 {[%clk 00:48:01]} {[%emt 00:00:24]} Qb4 {[%clk
00:53:13]} {[%emt 00:00:26]} 13. Kd2 {[%clk 00:47:35]} {[%emt 00:00:31]} Bxc3+
{[%clk 00:52:31]} {[%emt 00:00:46]} 14. Qxc3 {[%clk 00:47:32]} {[%emt
00:00:09]} Qxc3+ {[%clk 00:52:26]} {[%emt 00:00:09]} 15. Kxc3 {[%clk 00:47:29]}
{[%emt 00:00:09]} Bd7 {[%clk 00:52:05]} {[%emt 00:00:26]} 16. h4 {[%emt
00:00:38]} Rc8 {[%clk 00:51:36]} {[%emt 00:00:33]} 17. Kd4 {[%emt 00:00:19]}
Nc6+ {[%clk 00:51:19]} {[%emt 00:00:20]} 18. Kd3 {[%clk 00:46:14]} {[%emt
00:00:36]} Ne5+ {[%clk 00:51:11]} {[%emt 00:00:13]} 19. Kd4 {[%clk 00:46:12]}
{[%emt 00:00:07]} Nxc4 {[%clk 00:50:51]} {[%emt 00:00:24]} 20. bxc4 {[%clk
00:46:11]} {[%emt 00:00:07]} Be6 {[%clk 00:50:31]} {[%emt 00:00:24]} 21. Ke3
{[%clk 00:43:37]} {[%emt 00:02:39]} Rxc4 {[%clk 00:50:20]} {[%emt 00:00:16]}
22. Kd3 {[%clk 00:42:59]} {[%emt 00:00:43]} Rac8 {[%clk 00:50:09]} {[%emt
00:00:16]} 23. Rhc1 {[%clk 00:42:23]} {[%emt 00:00:41]} Rc3+ {[%clk 00:49:20]}
{[%emt 00:00:54]} 24. Kd2 {[%clk 00:41:53]} {[%emt 00:00:35]} R8c4 {[%clk
00:49:13]} {[%emt 00:00:12]} 25. Rab1 {[%clk 00:41:18]} {[%emt 00:00:41]} b6
{[%clk 00:49:05]} {[%emt 00:00:13]} 26. Rb3 {[%clk 00:41:11]} {[%emt 00:00:12]}
Rxb3 {[%clk 00:48:58]} {[%emt 00:00:12]} 27. axb3 {[%clk 00:41:10]} {[%emt
00:00:06]} Rxe4 {[%clk 00:48:47]} {[%emt 00:00:16]} 28. g3 {[%clk 00:41:06]}
{[%emt 00:00:08]} Bg4 {[%clk 00:48:35]} {[%emt 00:00:18]} 29. Ra1 {[%clk
00:39:56]} {[%emt 00:01:16]} a5 {[%clk 00:48:25]} {[%emt 00:00:14]} 30. Rf1
{[%clk 00:39:39]} {[%emt 00:00:21]} Be2 {[%clk 00:47:13]} {[%emt 00:01:18]} 31.
Re1 {[%clk 00:39:34]} {[%emt 00:00:11]} Bf3 {[%clk 00:47:06]} {[%emt 00:00:11]}
32. Ra1 {[%clk 00:38:53]} {[%emt 00:00:46]} f5 {[%clk 00:45:27]} {[%emt
00:01:44]} 33. Ra4 {[%clk 00:38:26]} {[%emt 00:00:31]} Rxa4 {[%clk 00:45:17]}
{[%emt 00:00:15]} 34. bxa4 {[%clk 00:38:28]} {[%emt 00:00:04]} Bc6 {[%clk
00:45:16]} {[%emt 00:00:06]} 0-1

[Event "DVM U10 2023"]
[Site "Magdeburg GER"]
[Date "2023.12.28"]
[Round "3"]
[White "Sauer, Ben"]
[Black "Chakhalov, Mikael"]
[Result "0-1"]
[Termination "normal"]
[Board "3.1"]
[WhiteElo "1429"]
[BlackElo "1623"]
[WhiteClock "00:04:56"]
[BlackClock "00:18:05"]
[WhiteTeam "Schachzentrum Bemerode"]
[BlackTeam "SK Zehlendorf"]
[PlyCount "86"]
[WhiteFideId "34606866"]
[BlackFideId "34644458"]
[EventCountry "GER"]
[EventRounds "7"]
[EventType "team-swiss"]
[EventDate "2023.12.27"]

1. e4 {[%clk 00:55:07]} {[%emt 00:00:02]} c5 {[%clk 00:55:04]} {[%emt
00:00:07]} 2. Nf3 {[%clk 00:55:07]} {[%emt 00:00:04]} Nf6 {[%clk 00:54:50]}
{[%emt 00:00:19]} 3. Nc3 {[%clk 00:55:07]} {[%emt 00:00:05]} d5 {[%clk
00:54:53]} {[%emt 00:00:03]} 4. exd5 {[%clk 00:55:03]} {[%emt 00:00:08]} Nxd5
{[%clk 00:54:52]} {[%emt 00:00:06]} 5. Bb5+ {[%clk 00:54:52]} {[%emt 00:00:17]}
Nc6 {[%clk 00:54:26]} {[%emt 00:00:30]} 6. d4 {[%clk 00:54:12]} {[%emt
00:00:44]} Bg4 {[%clk 00:50:34]} {[%emt 00:03:57]} 7. h3 {[%clk 00:51:13]}
{[%emt 00:03:04]} Bh5 {[%clk 00:48:49]} {[%emt 00:01:51]} 8. g4 {[%clk
00:48:37]} {[%emt 00:02:41]} Bg6 {[%clk 00:48:47]} {[%emt 00:00:08]} 9. Ne5
{[%clk 00:47:36]} {[%emt 00:01:05]} Rc8 {[%clk 00:45:17]} {[%emt 00:03:35]} 10.
O-O {[%clk 00:32:34]} {[%emt 00:15:07]} f6 {[%clk 00:40:41]} {[%emt 00:04:41]}
11. Nxc6 {[%clk 00:29:19]} {[%emt 00:03:19]} bxc6 {[%emt 00:00:08]} 12. Ba6
{[%clk 00:26:00]} {[%emt 00:03:22]} Rb8 {[%clk 00:36:58]} {[%emt 00:03:48]} 13.
Nxd5 {[%clk 00:25:03]} {[%emt 00:01:02]} cxd5 {[%clk 00:33:58]} {[%emt
00:03:05]} 14. dxc5 {[%clk 00:23:29]} {[%emt 00:01:40]} e5 {[%clk 00:33:06]}
{[%emt 00:00:56]} 15. c3 {[%clk 00:22:29]} {[%emt 00:01:05]} Bxc5 {[%clk
00:32:28]} {[%emt 00:00:43]} 16. Qa4+ {[%clk 00:21:20]} {[%emt 00:01:14]} Qd7
{[%clk 00:31:43]} {[%emt 00:00:51]} 17. Qxd7+ {[%clk 00:20:39]} {[%emt
00:00:45]} Kxd7 {[%clk 00:31:42]} {[%emt 00:00:06]} 18. b4 {[%clk 00:19:45]}
{[%emt 00:00:59]} Bb6 {[%clk 00:30:02]} {[%emt 00:01:45]} 19. a3 {[%clk
00:18:44]} {[%emt 00:01:06]} h5 {[%clk 00:27:53]} {[%emt 00:02:14]} 20. Kg2
{[%clk 00:18:00]} {[%emt 00:00:49]} hxg4 {[%clk 00:27:22]} {[%emt 00:00:36]}
21. hxg4 {[%clk 00:17:58]} {[%emt 00:00:06]} Rh4 {[%clk 00:26:30]} {[%emt
00:00:52]} 22. Kg3 {[%clk 00:17:48]} {[%emt 00:00:20]} Rbh8 {[%clk 00:26:12]}
{[%emt 00:00:24]} 23. Bb5+ {[%clk 00:09:29]} {[%emt 00:08:25]} Ke7 {[%clk
00:25:42]} {[%emt 00:00:34]} 24. Kf3 {[%clk 00:08:45]} {[%emt 00:00:49]} Rh3+
{[%clk 00:23:49]} {[%emt 00:01:59]} 25. Ke2 {[%clk 00:08:21]} {[%emt 00:00:28]}
Rxc3 {[%clk 00:23:34]} {[%emt 00:00:20]} 26. Bd2 {[%clk 00:07:39]} {[%emt
00:00:47]} Rc2 {[%clk 00:21:31]} {[%emt 00:02:03]} 27. Bd3 {[%clk 00:07:21]}
{[%emt 00:00:27]} Bxd3+ {[%clk 00:21:29]} {[%emt 00:00:08]} 28. Kxd3 {[%clk
00:07:18]} {[%emt 00:00:08]} Rhc8 {[%clk 00:21:00]} {[%emt 00:00:35]} 29. f3
{[%clk 00:06:58]} {[%emt 00:00:24]} R2c4 {[%clk 00:19:57]} {[%emt 00:01:08]}
30. Rac1 {[%clk 00:06:12]} {[%emt 00:00:52]} Rxc1 {[%clk 00:19:38]} {[%emt
00:00:24]} 31. Rxc1 {[%clk 00:06:08]} {[%emt 00:00:08]} Rxc1 {[%clk 00:19:33]}
{[%emt 00:00:09]} 32. Bxc1 {[%clk 00:06:06]} {[%emt 00:00:08]} g6 {[%clk
00:19:07]} {[%emt 00:00:31]} 33. Be3 {[%clk 00:05:48]} {[%emt 00:00:23]} Bxe3
{[%clk 00:18:59]} {[%emt 00:00:12]} 34. Kxe3 {[%clk 00:05:46]} {[%emt
00:00:08]} d4+ {[%clk 00:18:31]} {[%emt 00:00:34]} 35. Kd3 {[%clk 00:05:37]}
{[%emt 00:00:14]} Kd6 {[%clk 00:18:22]} {[%emt 00:00:13]} 36. Kd2 {[%clk
00:05:31]} {[%emt 00:00:11]} Kd5 {[%clk 00:18:11]} {[%emt 00:00:17]} 37. Kd3
{[%clk 00:05:29]} {[%emt 00:00:07]} f5 {[%clk 00:18:08]} {[%emt 00:00:08]} 38.
gxf5 {[%clk 00:05:29]} {[%emt 00:00:04]} gxf5 {[%clk 00:18:12]} 39. Kd2 {[%clk
00:05:12]} {[%emt 00:00:22]} e4 {[%clk 00:18:04]} {[%emt 00:00:12]} 40. fxe4+
{[%clk 00:05:16]} {[%emt 00:00:02]} fxe4 {[%clk 00:18:08]} {[%emt 00:00:01]}
41. Ke2 {[%clk 00:05:01]} {[%emt 00:00:20]} Kc4 {[%clk 00:18:11]} {[%emt
00:00:02]} 42. Kd2 {[%clk 00:04:58]} {[%emt 00:00:08]} Kb3 {[%clk 00:18:07]}
{[%emt 00:00:09]} 43. b5 {[%clk 00:04:56]} {[%emt 00:00:07]} Kxa3 {[%clk
00:18:05]} {[%emt 00:00:08]} 0-1

[Event "DVM U10 2023"]
[Site "Magdeburg GER"]
[Date "2023.12.28"]
[Round "3"]
[White "Schmidt, Alexander Nadvid"]
[Black "Schäfer, Amadeus"]
[Result "1/2-1/2"]
[Termination "normal"]
[Board "3.2"]
[WhiteElo "1462"]
[BlackElo "1432"]
[WhiteClock "00:34:14"]
[BlackClock "00:07:15"]
[WhiteTeam "SK Zehlendorf"]
[BlackTeam "Schachzentrum Bemerode"]
[PlyCount "59"]
[WhiteFideId "34661360"]
[BlackFideId "34660585"]
[EventCountry "GER"]
[EventRounds "7"]
[EventType "team-swiss"]
[EventDate "2023.12.27"]

1. e4 {[%clk 00:54:13]} {[%emt 00:00:57]} c5 {[%clk 00:55:04]} {[%emt
00:00:06]} 2. Nf3 {[%clk 00:54:01]} {[%emt 00:00:17]} e6 {[%clk 00:55:04]}
{[%emt 00:00:05]} 3. Nc3 {[%clk 00:53:33]} {[%emt 00:00:34]} a6 {[%clk
00:54:38]} {[%emt 00:00:30]} 4. d4 {[%clk 00:53:21]} {[%emt 00:00:16]} cxd4
{[%clk 00:54:36]} {[%emt 00:00:07]} 5. Nxd4 {[%clk 00:53:01]} {[%emt 00:00:26]}
Nc6 {[%clk 00:54:18]} {[%emt 00:00:23]} 6. Be3 {[%clk 00:52:55]} {[%emt
00:00:10]} Bb4 {[%clk 00:53:39]} {[%emt 00:00:44]} 7. a3 {[%clk 00:49:46]}
{[%emt 00:03:16]} Bxc3+ {[%clk 00:48:29]} {[%emt 00:05:14]} 8. bxc3 {[%clk
00:49:42]} {[%emt 00:00:10]} Nf6 {[%clk 00:47:56]} {[%emt 00:00:37]} 9. Bd3
{[%clk 00:49:13]} {[%emt 00:00:34]} O-O {[%clk 00:47:23]} {[%emt 00:00:37]} 10.
Nb3 {[%clk 00:48:42]} {[%emt 00:00:36]} d5 {[%clk 00:36:27]} {[%emt 00:11:02]}
11. exd5 {[%clk 00:47:04]} {[%emt 00:01:43]} Nxd5 {[%clk 00:29:02]} {[%emt
00:07:30]} 12. Bc5 {[%clk 00:46:46]} {[%emt 00:00:24]} Re8 {[%clk 00:26:59]}
{[%emt 00:02:07]} 13. c4 {[%clk 00:46:31]} {[%emt 00:00:20]} Nf6 {[%clk
00:24:22]} {[%emt 00:02:41]} 14. O-O {[%clk 00:46:23]} {[%emt 00:00:13]} Qc7
{[%clk 00:19:51]} {[%emt 00:04:35]} 15. Bd6 {[%clk 00:45:11]} {[%emt 00:01:19]}
Qd8 {[%clk 00:18:31]} {[%emt 00:01:24]} 16. c5 {[%clk 00:44:41]} {[%emt
00:00:36]} Kh8 {[%clk 00:17:57]} {[%emt 00:00:38]} 17. Qf3 {[%clk 00:43:57]}
{[%emt 00:00:49]} e5 {[%clk 00:16:14]} {[%emt 00:01:48]} 18. Rfe1 {[%clk
00:42:58]} {[%emt 00:01:05]} Bg4 {[%clk 00:15:03]} {[%emt 00:01:15]} 19. Qg3
{[%clk 00:42:14]} {[%emt 00:00:49]} e4 {[%clk 00:12:39]} {[%emt 00:02:29]} 20.
Bc4 {[%clk 00:40:27]} {[%emt 00:01:53]} Be6 {[%clk 00:12:14]} {[%emt 00:00:29]}
21. Bxe6 {[%clk 00:40:10]} {[%emt 00:00:22]} Rxe6 {[%clk 00:11:57]} {[%emt
00:00:22]} 22. Rad1 {[%clk 00:39:59]} {[%emt 00:00:17]} Qe8 {[%clk 00:11:34]}
{[%emt 00:00:27]} 23. c3 {[%clk 00:38:55]} {[%emt 00:01:09]} Rd8 {[%clk
00:10:39]} {[%emt 00:01:01]} 24. Nd4 {[%clk 00:38:37]} {[%emt 00:00:24]} Nxd4
{[%clk 00:10:02]} {[%emt 00:00:41]} 25. cxd4 {[%clk 00:36:18]} {[%emt
00:02:24]} Qc6 {[%clk 00:09:19]} {[%emt 00:00:48]} 26. Qb3 {[%clk 00:36:00]}
{[%emt 00:00:24]} Qd5 {[%clk 00:09:00]} {[%emt 00:00:23]} 27. Qxd5 {[%clk
00:35:08]} {[%emt 00:00:57]} Nxd5 {[%clk 00:09:01]} {[%emt 00:00:05]} 28. Rb1
{[%clk 00:35:03]} {[%emt 00:00:10]} Rd7 {[%clk 00:08:56]} {[%emt 00:00:10]} 29.
Rb3 {[%clk 00:34:53]} {[%emt 00:00:14]} b6 {[%clk 00:07:15]} {[%emt 00:01:47]}
30. Bg3 {[%clk 00:34:14]} {[%emt 00:00:42]} 1/2-1/2

[Event "DVM U10 2023"]
[Site "Magdeburg GER"]
[Date "2023.12.28"]
[Round "3"]
[White "Horras, Jonathan"]
[Black "Goyush, Shams"]
[Result "1-0"]
[Termination "normal"]
[Board "3.4"]
[WhiteElo "1109"]
[BlackElo "1091"]
[WhiteClock "00:27:59"]
[BlackClock "00:36:00"]
[WhiteTeam "SK Zehlendorf"]
[BlackTeam "Schachzentrum Bemerode"]
[PlyCount "111"]
[WhiteFideId "34681990"]
[EventCountry "GER"]
[EventRounds "7"]
[EventType "team-swiss"]
[EventDate "2023.12.27"]

1. e4 {[%clk 00:54:42]} {[%emt 00:00:21]} e5 {[%clk 00:55:10]} 2. Nf3 {[%clk
00:54:32]} {[%emt 00:00:22]} Nc6 {[%clk 00:55:04]} {[%emt 00:00:11]} 3. Bc4
{[%clk 00:54:09]} {[%emt 00:00:27]} Bc5 {[%clk 00:55:01]} {[%emt 00:00:08]} 4.
Nc3 {[%clk 00:53:51]} {[%emt 00:00:23]} Nf6 {[%clk 00:54:56]} {[%emt 00:00:10]}
5. d3 {[%clk 00:53:44]} {[%emt 00:00:11]} h6 {[%clk 00:54:52]} {[%emt
00:00:10]} 6. Be3 {[%clk 00:53:22]} {[%emt 00:00:27]} Bb6 {[%clk 00:54:43]}
{[%emt 00:00:13]} 7. h3 {[%clk 00:52:27]} {[%emt 00:01:01]} d6 {[%clk
00:54:40]} {[%emt 00:00:09]} 8. d4 {[%clk 00:49:19]} {[%emt 00:03:13]} exd4
{[%clk 00:53:21]} {[%emt 00:01:22]} 9. Nxd4 {[%clk 00:48:59]} {[%emt 00:00:27]}
O-O {[%clk 00:52:58]} {[%emt 00:00:27]} 10. Nxc6 {[%clk 00:48:02]} {[%emt
00:01:01]} bxc6 {[%clk 00:52:48]} {[%emt 00:00:15]} 11. Qd2 {[%clk 00:46:20]}
{[%emt 00:01:49]} Re8 {[%clk 00:52:29]} {[%emt 00:00:19]} 12. Bxb6 {[%clk
00:45:18]} {[%emt 00:01:12]} cxb6 {[%clk 00:52:05]} {[%emt 00:00:28]} 13. f3
{[%clk 00:44:59]} {[%emt 00:00:24]} d5 {[%clk 00:51:51]} {[%emt 00:00:19]} 14.
Bd3 {[%clk 00:43:43]} {[%emt 00:01:22]} d4 {[%clk 00:51:32]} {[%emt 00:00:23]}
15. Ne2 {[%clk 00:43:17]} {[%emt 00:00:32]} Qd6 {[%clk 00:49:24]} {[%emt
00:02:11]} 16. Bc4 {[%clk 00:42:37]} {[%emt 00:00:48]} Be6 {[%clk 00:48:51]}
{[%emt 00:00:37]} 17. Bxe6 {[%clk 00:42:07]} {[%emt 00:00:34]} fxe6 {[%clk
00:48:50]} {[%emt 00:00:07]} 18. Qxd4 {[%clk 00:41:18]} {[%emt 00:00:54]} Rad8
{[%clk 00:48:23]} {[%emt 00:00:31]} 19. O-O-O {[%clk 00:40:44]} {[%emt
00:00:40]} Qxd4 {[%clk 00:47:33]} {[%emt 00:00:55]} 20. Nxd4 {[%clk 00:40:16]}
{[%emt 00:00:34]} c5 {[%clk 00:47:24]} {[%emt 00:00:14]} 21. Nc6 {[%clk
00:39:50]} {[%emt 00:00:30]} Rxd1+ {[%clk 00:47:02]} {[%emt 00:00:27]} 22. Rxd1
{[%clk 00:39:43]} {[%emt 00:00:11]} a5 {[%clk 00:46:52]} {[%emt 00:00:15]} 23.
Kd2 {[%clk 00:39:07]} {[%emt 00:00:43]} Nh5 {[%clk 00:46:12]} {[%emt 00:00:44]}
24. Kc3 {[%clk 00:38:13]} {[%emt 00:00:58]} Nf4 {[%clk 00:45:58]} {[%emt
00:00:19]} 25. g4 {[%clk 00:35:56]} {[%emt 00:02:23]} Ne2+ {[%clk 00:45:31]}
{[%emt 00:00:32]} 26. Kc4 {[%clk 00:35:48]} {[%emt 00:00:12]} Kh7 {[%clk
00:44:41]} {[%emt 00:00:52]} 27. Kb5 {[%clk 00:35:12]} {[%emt 00:00:43]} Nd4+
{[%clk 00:43:44]} {[%emt 00:01:04]} 28. Nxd4 {[%clk 00:35:01]} {[%emt
00:00:16]} cxd4 {[%clk 00:43:36]} {[%emt 00:00:12]} 29. Rxd4 {[%clk 00:34:56]}
{[%emt 00:00:12]} Rb8 {[%clk 00:43:16]} {[%emt 00:00:22]} 30. Rd6 {[%clk
00:34:51]} {[%emt 00:00:11]} Rc8 {[%clk 00:42:51]} {[%emt 00:00:31]} 31. c3
{[%clk 00:34:41]} {[%emt 00:00:15]} Rc5+ {[%clk 00:42:28]} {[%emt 00:00:27]}
32. Kxb6 {[%clk 00:34:09]} {[%emt 00:00:37]} Rc4 {[%clk 00:42:15]} {[%emt
00:00:19]} 33. Rxe6 {[%emt 00:01:15]} a4 {[%clk 00:40:14]} {[%emt 00:01:47]}
34. Rc6 {[%clk 00:31:49]} {[%emt 00:01:34]} Rxc6+ {[%emt 00:00:24]} 35. Kxc6
{[%emt 00:00:11]} Kg6 {[%clk 00:39:43]} 36. Kd6 {[%clk 00:31:40]} {[%emt
00:00:13]} Kg5 {[%clk 00:39:29]} {[%emt 00:00:19]} 37. e5 {[%clk 00:31:25]}
{[%emt 00:00:20]} g6 {[%clk 00:39:17]} {[%emt 00:00:18]} 38. e6 {[%clk
00:31:22]} {[%emt 00:00:08]} Kh4 {[%clk 00:39:07]} {[%emt 00:00:14]} 39. e7
{[%clk 00:31:04]} {[%emt 00:00:23]} g5 {[%clk 00:38:57]} {[%emt 00:00:15]} 40.
e8=Q {[%emt 00:00:19]} Kxh3 {[%emt 00:00:31]} 41. Qh5+ {[%clk 00:29:54]} {[%emt
00:00:24]} Kg3 {[%clk 00:38:51]} {[%emt 00:00:11]} 42. Qxh6 {[%clk 00:29:35]}
{[%emt 00:00:23]} Kxf3 {[%clk 00:38:42]} {[%emt 00:00:14]} 43. c4 {[%clk
00:28:58]} {[%emt 00:00:43]} Kxg4 {[%clk 00:37:40]} {[%emt 00:01:06]} 44. Qxg5+
{[%clk 00:28:54]} {[%emt 00:00:10]} Kxg5 {[%clk 00:37:34]} {[%emt 00:00:11]}
45. c5 {[%clk 00:28:50]} {[%emt 00:00:09]} Kf4 {[%clk 00:37:28]} {[%emt
00:00:12]} 46. c6 {[%clk 00:28:45]} {[%emt 00:00:11]} Ke3 {[%clk 00:37:13]}
{[%emt 00:00:19]} 47. c7 {[%clk 00:28:28]} {[%emt 00:00:22]} Kd2 {[%clk
00:37:10]} {[%emt 00:00:07]} 48. c8=Q {[%clk 00:28:24]} {[%emt 00:00:10]} a3
{[%clk 00:36:55]} {[%emt 00:00:21]} 49. b3 {[%clk 00:28:21]} {[%emt 00:00:06]}
Kd3 {[%clk 00:36:47]} {[%emt 00:00:14]} 50. Qc4+ {[%clk 00:28:10]} {[%emt
00:00:15]} Ke3 {[%clk 00:36:40]} {[%emt 00:00:11]} 51. Ke5 {[%clk 00:28:08]}
{[%emt 00:00:08]} Kf2 {[%clk 00:36:32]} {[%emt 00:00:14]} 52. Qd3 {[%clk
00:28:04]} {[%emt 00:00:09]} Kg1 {[%clk 00:36:25]} {[%emt 00:00:11]} 53. Qe2
{[%clk 00:28:02]} {[%emt 00:00:08]} Kh1 {[%clk 00:36:22]} {[%emt 00:00:08]} 54.
Kf4 {[%clk 00:28:00]} {[%emt 00:00:06]} Kg1 {[%clk 00:36:04]} {[%emt 00:00:23]}
55. Kg3 {[%clk 00:27:59]} {[%emt 00:00:06]} Kh1 {[%clk 00:36:00]} {[%emt
00:00:09]} 56. Qf1# {[%emt 00:00:09]} 1-0